Leshono Suryoyo = [Leshana Suryaya]: (Record no. 30817)
[ view plain ]
| 000 -LEADER | |
|---|---|
| fixed length control field | 00940nam a2200253 4500 |
| 008 - FIXED-LENGTH DATA ELEMENTS--GENERAL INFORMATION | |
| fixed length control field | 080220s2005 nju 000 0 eng d |
| 020 ## - INTERNATIONAL STANDARD BOOK NUMBER | |
| International Standard Book Number | 1593331908 :USD37.40.00 |
| 090 ## - LOCALLY ASSIGNED LC-TYPE CALL NUMBER (OCLC); LOCAL CALL NUMBER (OCLC) | |
| Classification number (OCLC) (R) ; Classification number, CALL (RLIN) (NR) | PJ5423 |
| Local cutter number (OCLC) ; Book number/undivided call number, CALL (RLIN) | H34l |
| 100 1# - MAIN ENTRY--PERSONAL NAME | |
| Personal name | Healey, John F. |
| 245 10 - TITLE STATEMENT | |
| Title | Leshono Suryoyo = [Leshana Suryaya]: |
| Remainder of title | first studies in Syriac / |
| Statement of responsibility, etc | John F. Healey. |
| 246 30 - VARYING FORM OF TITLE | |
| Title proper/short title | First studies in Syriac. |
| 260 ## - PUBLICATION, DISTRIBUTION, ETC. (IMPRINT) | |
| Place of publication, distribution, etc | Piscataway, NJ : |
| Name of publisher, distributor, etc | Gorgias Press, |
| Date of publication, distribution, etc | 2005. |
| 300 ## - PHYSICAL DESCRIPTION | |
| Extent | xxiii, 220 p. ; |
| Dimensions | 24 cm. |
| 490 1# - SERIES STATEMENT | |
| Series statement | Gorgias handbooks ; |
| Volume number/sequential designation | v. 2. |
| 500 ## - GENERAL NOTE | |
| General note | Earlier editions entitled: First studies in Syriac. |
| 500 ## - GENERAL NOTE | |
| General note | Title also in Syriac script. |
| 546 ## - LANGUAGE NOTE | |
| Language note | English with some text in Syriac. |
| 650 #4 - SUBJECT ADDED ENTRY--TOPICAL TERM | |
| Topical term or geographic name as entry element | Syriac language |
| Form subdivision | Glossaries, vocabularies, etc. |
| 650 #4 - SUBJECT ADDED ENTRY--TOPICAL TERM | |
| Topical term or geographic name as entry element | Syriac language |
| Form subdivision | Readers. |
| 650 #4 - SUBJECT ADDED ENTRY--TOPICAL TERM | |
| Topical term or geographic name as entry element | Syriac language |
| General subdivision | Grammar. |
| 951 ## - EQUIVALENCE OR CROSS-REFERENCE-GEOGRAPHIC NAME/AREA NAME [OBSOLETE] [CAN/MARC only] | |
| General subdivision | 00036010 |
| 740 02 - ADDED ENTRY--UNCONTROLLED RELATED/ANALYTICAL TITLE | |
| Uncontrolled related/analytical title | First studies in Syriac. |
| 951 ## - EQUIVALENCE OR CROSS-REFERENCE-GEOGRAPHIC NAME/AREA NAME [OBSOLETE] [CAN/MARC only] | |
| -- | 31566 |
| -- | PJ5423/H34l |
| -- | 080220164603640 |
| -- | 2000-12-21 |
| -- | GC |
| Withdrawn status | Lost status | Damaged status | Not for loan | Home library | Current library | Shelving location | Date acquired | Accession number | Shelving control number | Total Checkouts | Full call number | Barcode | Date last seen | Price effective from | Koha item type |
|---|---|---|---|---|---|---|---|---|---|---|---|---|---|---|---|
| BSOP Library | BSOP Library | GC | 12/21/2000 | 31566 | 127 | PJ5423/H34l | 00036010 | 02/23/2013 | 02/23/2013 | Books |
